Bienvenido a nuestro catálago, Biblioteca Universidad Monteávila

Yo me comunico, tú te comunicas (Registro nro. 13220)

Detalles MARC
000 -CABECERA
campo de control de longitud fija 02299nam a2200253 4500
003 - IDENTIFICADOR DEL NÚMERO DE CONTROL
campo de control vecauma
005 - FECHA Y HORA DE LA ÚLTIMA TRANSACCIÓN
campo de control 20260310183847.0
007 - CAMPO FIJO DE DESCRIPCIÓN FÍSICA--INFORMACIÓN GENERAL
campo de control de longitud fija ta
008 - DATOS DE LONGITUD FIJA--INFORMACIÓN GENERAL
campo de control de longitud fija 260310b ve ||||| |||| 00| 0 spa d
020 ## - ISBN
Número Internacional Estándar del Libro 9507240519
040 ## - FUENTE DE LA CATALOGACIÓN
Centro catalogador/agencia de origen vecauma
Lengua de catalogación spa
Centro/agencia transcriptor vecauma
Centro/agencia modificador vecauma
Normas de descripción rda
041 ## - CÓDIGO DE LENGUA
Código de lengua del recurso spa
100 1# - AUTOR PERSONAL
Término indicativo de función/relación autor
245 1# - MENCIÓN DE TÍTULO
Título Yo me comunico, tú te comunicas
Mención de responsabilidad, etc. /Patrick Case
264 ## - PRODUCCIÓN, PUBLICACIÓN, DISTRIBUCIÓN, FABRICACIÓN Y COPYRIGHT
Producción, publicación, distribución, fabricación y copyright Argentina:
Nombre del de productor, editor, distribuidor, fabricante Lumen;
Fecha de producción, publicación, distribución, fabricación o copyright 1990.
300 ## - DESCRIPCIÓN FÍSICA
Extensión 74 páginas.
336 ## - TIPO DE CONTENIDO
Término de tipo de contenido texto
Código de tipo de contenido txt
Fuente rdacontenido
337 ## - TIPO DE MEDIO
Nombre/término del tipo de medio no mediado
Código del tipo de medio n
Fuente rdamedio
338 ## - TIPO DE SOPORTE
Nombre/término del tipo de soporte volumen
Código del tipo de soporte nc
Fuente rdasoporte
505 0# - NOTA DE CONTENIDO CON FORMATO
Nota de contenido con formato El fenómeno de la comunicación <br/>La relación Emisor-Receptor /<br/>Los medios masivos de comunicación /<br/>Los "héroes" de la comunicación de masas, 12 - La noticia, 13 - La televisión,15 - El cartel , 16 /<br/>El emisor<br/>Estilo /<br/>Creatividad /<br/>Convicción /<br/>Carisma /<br/>Liderazgo /<br/>Humor /<br/>Dicción /<br/>Respiración /<br/>¡Vencer la timidez! /<br/>Persuadir, no obligar /<br/><br/>El receptor <br/>El individuo es un centro receptor de mensajes /<br/>Sin memoria no hay recepción /<br/>Cómo lograr la mejor recepción del mensaje /<br/>Costo psicológico /<br/><br/>El mensaje<br/>El lenguaje y el pensamiento /<br/>Habla y escritura /<br/>Características generales del mensaje /<br/>Redundancia y saturación /<br/>Clisés y eufemismo /<br/>Las palabras sencillas son las más eficaces /<br/>La memoria, 50 - El diccionario, 51 - La enciclopedia. 52 - La biblioteca, 53 - El museo , 54 /<br/><br/>El código<br/>¡Cuidado con las "traducciones"<br/>Un juego, 60 /<br/>La mirada /<br/>El "ruido" /<br/>Diafonía /<br/> Matriz de confusión /<br/>El contexto (entorno o referente) /<br/>Conclusión /
520 3# - SUMARIO, ETC.
Sumario, etc. Yo no me comunico, tú te comunicas es un libro dedicado a mejorar la relación con los demás. El objetivo fundamental es aprender a comunicarnos a través de noticias periodísticas, carteles, televisión y otros medios. Para tal fin se debe utilizar la creatividad, la convicción, el carisma, como también ampliar bien el lenguaje, tener correcta dicción, gozar de buen humor y saber persuadir.<br/>Editorial Lumen, nuevamente pone en manos de sus lectores otra obra de la colección éxito para que podamos y sepamos comunicarnos, no sólo con nuestros semejantes, sino también con nosotros mismos.
942 #1 - ELEMENTOS DE ENTRADA AGREGADA (KOHA)
Fuente del sistema de clasificación o colocación Library of Congress Classification
Ocultar en OPAC No
Tipo de ítem Koha Libros
Existencias
Estado de retiro Estado de pérdida Fuente del sistema de clasificación o colocación Estado dañado No para préstamo Código de colección Localización permanente Ubicación/localización actual Ubicación en estantería Fecha de adquisición Número de inventario Total de préstamos Código de barras Fecha visto por última vez Precio válido a partir de Tipo de ítem Koha
    Library of Congress Classification     Colección general Biblioteca Universidad Monteávila Biblioteca Universidad Monteávila Colección general 10/03/2026 49007   2026-0354 10/03/2026 10/03/2026 Libros

Copyright @ UMA Library
Universidad Monteávila Caracas, Venezuela

Edif. Sede principal Universidad Monteávila. Av. El Buen Pastor. Boleíta Norte. Caracas. 
Customized by Universidad Monteávila

Con tecnología Koha